000 00343nam a2200133Ia 4500
008 191014s9999 xx 000 0 und d
020 _a0-85274-095-6
082 _a516.36
_bNAK
100 _aM. Nakahara
_920410
245 0 _aGeometry, Topology and Physics
260 _aUSA
_bIOP Publishing Ltd.
_c1990
300 _aXiii,505
942 _cBK
999 _c530991
_d530991